Lập trình nâng cao trên ngôn ngữ Pascal

Sách giúp bạn đọc bổ sung kiến thức nâng cao về lập trình Pascal và những kỹ thuật lập trình có cấu trúc mà tin học đại cương chưa đề cập đến.

Salvato in:
Dettagli Bibliografici
Autore principale: Nguyễn, Tô Thành
Natura: Libro
Lingua:Undetermined
Pubblicazione: Hà Nội Đại Học Quốc gia Hà Nội 2007
Soggetti:
Tags: Aggiungi Tag
Nessun Tag, puoi essere il primo ad aggiungerne! !
Thư viện lưu trữ: Trung tâm Học liệu Trường Đại học Cần Thơ
LEADER 00846nam a2200205Ia 4500
001 CTU_159129
008 210402s9999 xx 000 0 und d
020 |c 45000 
082 |a 005.133 
082 |b Th107 
100 |a Nguyễn, Tô Thành 
245 0 |a Lập trình nâng cao trên ngôn ngữ Pascal 
245 0 |c Nguyễn Tô Thành 
260 |a Hà Nội 
260 |b Đại Học Quốc gia Hà Nội 
260 |c 2007 
520 |a Sách giúp bạn đọc bổ sung kiến thức nâng cao về lập trình Pascal và những kỹ thuật lập trình có cấu trúc mà tin học đại cương chưa đề cập đến. 
650 |a Pascal (Computer program language) 
904 |i Bé Ba, Bạch Trúc 
980 |a Trung tâm Học liệu Trường Đại học Cần Thơ